| 000 | 00406pab a2200157 454500 | ||
|---|---|---|---|
| 008 | 180718b2001 xxu||||| |||| 00| 0 eng d | ||
| 100 | _aSen, Sankar | ||
| 245 | _aPolice accountability and civilian oversight | ||
| 260 | _c2001 | ||
| 300 | _ap.11-16 | ||
| 362 | _aJan-Dec | ||
| 650 | _aAccountability | ||
| 650 | _aPolice | ||
| 773 | _aIndian Journal of Criminology and Criminalistics | ||
| 909 | _a50850 | ||
| 999 |
_c50850 _d50850 |
||